Mr. Men Picture Click Quiz - Statistics

General Stats
  • This quiz has been taken 685 times
  • The average score is 21 of 50
Answer Stats
Hint Answer % Correct
Mr. Skinny
76%
Mr. Messy
75%
Mr. Tall
74%
Mr. Snow
70%
Mr. Tickle
68%
Mr. Chatterbox
67%
Mr. Bump
66%
Mr. Jelly
65%
Mr. Nosey
65%
Mr. Bounce
65%
Mr. Lazy
65%
Mr. Rush
55%
Mr. Happy
55%
Mr. Strong
54%
Mr. Greedy
54%
Mr. Adventure
52%
Mr. Nobody
51%
Mr. Noisy
50%
Mr. Rude
49%
Mr. Sneeze
49%
Mr. Busy
43%
Mr. Daydream
43%
Mr. Worry
42%
Mr. Topsy-Turvy
42%
Mr. Funny
42%
Mr. Snooty
39%
Mr. Fussy
37%
Mr. Perfect
36%
Mr. Small
36%
Mr. Mischief
34%
Mr. Clever
33%
Mr. Quiet
29%
Mr. Grumpy
29%
Mr. Grumble
28%
Mr. Impossible
28%
Mr. Marvelous
27%
Mr. Cheerful
27%
Mr. Calm
26%
Mr. Slow
26%
Mr. Brave
25%
Mr. Cool
25%
Mr. Muddle
24%
Mr. Nonsense
24%
Mr. Clumsy
22%
Mr. Wrong
22%
Mr. Dizzy
22%
Mr. Silly
21%
Mr. Forgetful
20%
Mr. Mean
19%
Mr. Good
16%
No matching quizzes found
Score Distribution
Percent of People with Each Score
Percentile by Number Answered
Your Score History
You have not taken this quiz